UM Logo
Normal view MARC view
  • Gloria S. Chan

Entry Personal Name

Number of records used in: 1

001 - CONTROL NUMBER

  • control field: 34913

003 - CONTROL NUMBER IDENTIFIER

  • control field: OSt

005 - DATE AND TIME OF LATEST TRANSACTION

  • control field: 20190123141713.0

008 - FIXED-LENGTH DATA ELEMENTS

  • fixed length control field: 190123|| aca||aabn | a|a d

040 ## - CATALOGING SOURCE

  • Original cataloging agency: OSt
  • Transcribing agency: OSt

100 ## - HEADING--PERSONAL NAME

  • Personal name: Gloria S. Chan

670 ## - SOURCE DATA FOUND

  • Source citation: Work cat.: (OSt): Management communication in global era, ©1994